| 000 | 00000nam 2200000zi 4500 |
| 001 | 9.955301 |
| 003 | CaOODSP |
| 005 | 20250915081730 |
| 006 | m o d f |
| 007 | cr cn||||||||| |
| 008 | 250915e20250404onc ob f000 0 fre d |
| 040 | |aCaOODSP|bfre|erda|cCaOODSP |
| 043 | |an-cn--- |
| 086 | 1 |aRv55-8/19-12-1-2025F-PDF |
| 245 | 00|aImportation de véhicules. |
| 250 | |a[Édition de 4 avril 2025]. |
| 264 | 1|aOttawa : |b[Agence des services frontaliers du Canada = Canada Border Services Agency], |c4 avril 2025. |
| 300 | |a1 ressource en ligne (23 pages non numérotées). |
| 336 | |atexte|btxt|2rdacontent/fre |
| 337 | |ainformatique|bc|2rdamedia/fre |
| 338 | |aressource en ligne|bcr|2rdacarrier/fre |
| 490 | 1 |aMémorandum, |x2369-2405 ; |vD19-12-1 |
| 500 | |aTitre de départ. |
| 500 | |aL'ISSN (2369-2391) imprimé dans cette publication est incorrect. |
| 500 | |aPublié aussi en anglais sous le titre : Importing vehicles into Canada. |
| 500 | |a« Mémorandum(s) précédent(s) Mémorandum D19-12-1 - Importation de véhicules. » |
| 504 | |aComprend des références bibliographiques. |
| 520 | |a« Importation temporaire de voitures et d'autres véhicules; voitures et autres véhicules qui ne peuvent pas être importés au Canada; comment et quoi enregistrer dans le Programme du registraire des véhicules importés; admissibilité au programme de véhicules importés pour pièces seulement; procédures à suivre avant et après avoir franchi la frontière » -- Contenu principal, page [1]. |
| 650 | 6|aVéhicules automobiles|xDroit|zCanada. |
| 650 | 6|aImportations|xDroit|zCanada. |
| 710 | 2 |aAgence des services frontaliers du Canada, |eorganisme de publication. |
| 775 | 08|tImporting vehicles into Canada.|w(CaOODSP)9.955300 |
| 795 | |tImportation de véhicules.|b[Édition de 20 mai 2022]|w(CaOODSP)9.925661 |
| 830 | #0|aMémorandum (Agence des services frontaliers du Canada)|x2369-2405 ; |vD19-12-1.|w(CaOODSP)9.816826 |
| 856 | 40|qPDF|s707 Ko|uhttps://publications.gc.ca/collections/collection_2025/asfc-cbsa/Rv55-8-19-12-1-2025-fra.pdf |
| 856 | 4 |qHTML|sS.O.|uhttps://www.cbsa-asfc.gc.ca/publications/dm-md/d19/d19-12-1-fra.html |